Cars from the 1950's - Statistics

General Stats
  • This quiz has been taken 31 times
  • The average score is 7 of 16
Answer Stats
Picture Answer % Correct
Aston Martin DB4
81%
Citroën 2CV
81%
Mercedes 300 sl
81%
Citroën DS (1955)
69%
Volkswagen Beetle
69%
BMW 507
50%
Jaguar D-Type
50%
Renault 4CV
50%
Porsche 356
44%
Porsche 550 Spyder
25%
Jaguar XK120
19%
Mercedes W196
19%
Chevrolet 210
6%
Delahaye Type 235
6%
Ferrari 166
6%
Ferrari 335 s
6%
No matching quizzes found
Score Distribution
Percent of People with Each Score
Percentile by Number Answered
Your Score History
You have not taken this quiz